<?xml version="1.0" encoding="UTF-8"?>
<record
    xmlns:xsi="http://www.w3.org/2001/XMLSchema-instance"
    xsi:schemaLocation="http://www.loc.gov/MARC21/slim http://www.loc.gov/standards/marcxml/schema/MARC21slim.xsd"
    xmlns="http://www.loc.gov/MARC21/slim">

  <leader>00949nam a22002417a 4500</leader>
  <datafield tag="010" ind1=" " ind2=" ">
    <subfield code="a">666569</subfield>
  </datafield>
  <datafield tag="020" ind1=" " ind2=" ">
    <subfield code="c">22.00</subfield>
  </datafield>
  <datafield tag="035" ind1=" " ind2=" ">
    <subfield code="a">666569</subfield>
  </datafield>
  <datafield tag="037" ind1=" " ind2=" ">
    <subfield code="a">Cen Lib/Ret</subfield>
  </datafield>
  <datafield tag="040" ind1=" " ind2=" ">
    <subfield code="a">DPL</subfield>
    <subfield code="b">HN</subfield>
  </datafield>
  <datafield tag="082" ind1=" " ind2=" ">
    <subfield code="a">821.08</subfield>
    <subfield code="b">&#x92A;&#x93E;&#x923;&#x94D;&#x921;&#x947;&#x92F;</subfield>
  </datafield>
  <datafield tag="100" ind1=" " ind2=" ">
    <subfield code="a">&#x92A;&#x93E;&#x923;&#x94D;&#x921;&#x947;&#x92F;, &#x938;&#x941;&#x930;&#x947;&#x936; &#x91A;&#x928;&#x94D;&#x926; </subfield>
    <subfield code="9">8559</subfield>
  </datafield>
  <datafield tag="245" ind1=" " ind2=" ">
    <subfield code="a">&#x927;&#x94D;&#x935;&#x928;&#x93F; &#x938;&#x93F;&#x926;&#x94D;&#x927;&#x93E;&#x928;&#x94D;&#x924; &#x935;&#x93F;&#x930;&#x94B;&#x927;&#x940; &#x938;&#x92E;&#x94D;&#x92A;&#x94D;&#x930;&#x926;&#x93E;&#x92F; &#x909;&#x928;&#x915;&#x940; &#x92E;&#x93E;&#x928;&#x94D;&#x92F;&#x924;&#x93E;&#x90F;&#x901; /</subfield>
  </datafield>
  <datafield tag="246" ind1=" " ind2=" ">
    <subfield code="a">dhawni siddhan virodhi sampradaya unki manntyein /</subfield>
  </datafield>
  <datafield tag="260" ind1=" " ind2=" ">
    <subfield code="a">&#x907;&#x932;&#x93E;&#x939;&#x93E;&#x92C;&#x93E;&#x926;</subfield>
    <subfield code="b">&#x938;&#x94D;&#x92E;&#x943;&#x924;&#x93F; &#x92A;&#x94D;&#x930;&#x915;&#x93E;&#x936;&#x928; </subfield>
    <subfield code="c">1972</subfield>
  </datafield>
  <datafield tag="270" ind1=" " ind2=" ">
    <subfield code="a">602 Dara ganj, Allahabad</subfield>
  </datafield>
  <datafield tag="300" ind1=" " ind2=" ">
    <subfield code="a">374p ; </subfield>
    <subfield code="b">24cm</subfield>
  </datafield>
  <datafield tag="650" ind1=" " ind2=" ">
    <subfield code="a">Hindi literature</subfield>
    <subfield code="9">115693</subfield>
  </datafield>
  <datafield tag="650" ind1=" " ind2=" ">
    <subfield code="a">Hindi kavya </subfield>
    <subfield code="9">115694</subfield>
  </datafield>
  <datafield tag="650" ind1=" " ind2=" ">
    <subfield code="a">&#x939;&#x93F;&#x928;&#x94D;&#x926;&#x940; &#x915;&#x93E;&#x935;&#x94D;&#x92F;</subfield>
    <subfield code="9">115695</subfield>
  </datafield>
  <datafield tag="650" ind1=" " ind2=" ">
    <subfield code="a">&#x939;&#x93F;&#x902;&#x926;&#x940; &#x938;&#x93E;&#x939;&#x93F;&#x924;&#x94D;&#x92F;</subfield>
    <subfield code="9">115696</subfield>
  </datafield>
  <datafield tag="942" ind1=" " ind2=" ">
    <subfield code="2">ddc</subfield>
    <subfield code="c">HN</subfield>
    <subfield code="h">821</subfield>
    <subfield code="m">&#x92A;&#x93E;&#x923;&#x94D;&#x921;&#x947;&#x92F; </subfield>
  </datafield>
  <datafield tag="999" ind1=" " ind2=" ">
    <subfield code="c">121931</subfield>
    <subfield code="d">121931</subfield>
  </datafield>
  <datafield tag="952" ind1=" " ind2=" ">
    <subfield code="0">0</subfield>
    <subfield code="1">0</subfield>
    <subfield code="4">0</subfield>
    <subfield code="7">0</subfield>
    <subfield code="a">L</subfield>
    <subfield code="b">L</subfield>
    <subfield code="d">2015-12-30</subfield>
    <subfield code="e">Cen Lib/Ret</subfield>
    <subfield code="g">22.00</subfield>
    <subfield code="l">0</subfield>
    <subfield code="o">821.08 &#x92A;&#x93E;&#x923;&#x94D;&#x921;&#x947;&#x92F;</subfield>
    <subfield code="p">666569</subfield>
    <subfield code="r">2015-12-30 00:00:00</subfield>
    <subfield code="t">1</subfield>
    <subfield code="v">22.00</subfield>
    <subfield code="w">2015-12-30</subfield>
    <subfield code="y">HN</subfield>
  </datafield>
</record>
